| 000 | 00540nam a2200181 4500 | ||
|---|---|---|---|
| 001 | 121304 | ||
| 003 | ES-MaACL | ||
| 005 | 20230906191729.0 | ||
| 007 | t| | ||
| 008 | 070214s1972 sp r ||||1| spa d | ||
| 100 | 1 |
_aPriestley, J. B. _993870 |
|
| 245 | 1 | 3 |
_aEl maravilloso mundo del teatro / _cJ. B. Priestley ; traducción del inglés de Gonzalo Medina. |
| 250 | _a1ª ed. | ||
| 260 |
_aMadrid : _bAguilar, _c1972. |
||
| 300 |
_a92 p. : _bil. ; _c27 cm. |
||
| 700 | 1 |
_aMedina, Gonzalo. _979697 |
|
| 852 |
_aES-MaACL _jC-56439 _bR.89101 |
||
| 999 |
_c121304 _d121304 |
||